| 000 | 00513nam a22001931a 4500 | ||
|---|---|---|---|
| 003 | NEGST | ||
| 005 | 20160331020003.0 | ||
| 008 | 030714s1993 nyu 001 0 eng d | ||
| 020 | _a0028003306 | ||
| 100 | 1 | _aLeeson, Marjorie. | |
| 245 | 1 | 0 |
_aComputing fundamentals / _cMarjorie Leeson. _h[Text] |
| 260 |
_aNew York _bMacmillan _c1993 |
||
| 300 | _axvii, 302p. | ||
| 500 | _aIncludes index. | ||
| 590 | _aAccession number: 29939 | ||
| 650 | 0 | _aElectronic data processing. | |
| 942 | 0 | 0 | _01 |
| 999 |
_c39045 _d39045 |
||